000
00497nam a2200181Ia 4500
008
090123s9999 xx 000 0 und d
082
_b
25362
100
_a
शिंगटे सुरेश
245
_a
डोरलं
250
_a
1
260
_b
साहेबजी प्रकाशन
300
_a
92
600
_a
शिंगटे सुरेश
630
_a
डोरलं
700
_a
शिंगटे सुरेश
730
_a
डोरलं
942
_c
BOOK
999
_c
63433
_d
63433